La primera conspiración por la independencia de México /

Guardat en:
Dades bibliogràfiques
Autor principal: Cardiel Reyes, Raúl (autor)
Format: Llibre
Idioma:espanyol
Publicat: México : Consejo Nacional de Fomento Educativo : Fondo de Cultura Económica, 1982, c1982
Col·lecció:(Sep/80 ; 13)
Matèries:
Etiquetes: Afegir etiqueta
Sense etiquetes, Sigues el primer a etiquetar aquest registre!

MARC

LEADER 00000nam^a2200000^a^4500
001 000186745
005 20250521000000.0
009 20260310102236.845
020 |a 968-16-0886-0 
037 |a Acervo ITESO - Biblioteca 
041 |a ESP 
082 |a 972. 03  |b CAR 
100 |a Cardiel Reyes, Raúl  |e (autor) 
245 1 3 |a La primera conspiración por la independencia de México /  |c R. Cardiel Reyes. 
264 4 |a México :  |b Consejo Nacional de Fomento Educativo :  |b Fondo de Cultura Económica,  |c 1982, c1982 
300 |a 179 p. 
336 |a texto  |b txt  |2 rdacontenido 
337 |a sin mediación  |b n  |2 rdamedio 
338 |a volumen  |b nc  |2 rdasoporte 
440 1 |a (Sep/80 ;  |v 13) 
649 |a XX 
650 |a Independentistas Mexicanos 
650 |a Revolucionarios Mexicanos 
650 |a Políticos Mexicanos 
650 |a Inquisición -  |z México -  |x Historia 
650 |a Conspiración -  |z México -  |x Historia -  |y Siglo XVIII -  |x Tema Principal 
650 |a Independencia Política -  |z México -  |x Tema Principal 
650 |a Política -  |z México -  |x Historia 
650 |a México -  |x Historia -  |y Siglo XVIII 
650 |a México -  |x Historia -  |y Virreinato, 1535-1821 
650 |a México -  |x Historia -  |y Epoca Colonial, 1517-1821 
650 |a Gorriño y Arduengo, Manuel María de 
650 |a Verdad y Ramos, Francisco Primo de 
910 |a Fondo General 
920 |a Impresos - Libros 
930 |a Colección General 
905 |a 101 
901 |a 0500128584  |b IT1  |c ACC  |u 20250521 
902 |a https://opac.biblio.iteso.mx/vufind/Record/000186745